Housing (Management Orders and Empty Dwelling Management Orders) (Supplemental Provisions) (Wales) Regulations 2006 (Record no. 106242)

MARC details
000 -LEADER
fixed length control field 01224cam a2200229 4500
001 - CONTROL NUMBER
control field L135919
008 - FIXED-LENGTH DATA ELEMENTS--GENERAL INFORMATION
fixed length control field 061218n2006 000 0 eng u
035 ## - SYSTEM CONTROL NUMBER
System control number (Sirsi) u135919
041 0# - LANGUAGE CODE
Language code of text/sound track or separate title eng
110 1# - MAIN ENTRY--CORPORATE NAME
Corporate name or jurisdiction name as entry element United Kingdom
Form subheading Laws, etc
9 (RLIN) 5044
245 00 - TITLE STATEMENT
Title Housing (Management Orders and Empty Dwelling Management Orders) (Supplemental Provisions) (Wales) Regulations 2006
260 ## - PUBLICATION, DISTRIBUTION, ETC.
Place of publication, distribution, etc. London
Name of publisher, distributor, etc. TSO
Date of publication, distribution, etc. 2006
490 ## - SERIES STATEMENT
Series statement Welsh Statutory Instrument
-- 2006
-- 2822
520 ## - SUMMARY, ETC.
Summary, etc. These Regulations make supplementary provisions where the local housing authority is to be treated as the lessee under a lease of premises that are subject to an interim or final management order made under Chapter 1 of Part 4 of the Housing Act 2004 ("the Act") or an interim or final empty dwelling management order ("EDMO") made under Chapter 2 of Part 4 of the Act.
590 ## - LOCAL NOTE (RLIN)
Local note KA
650 24 - SUBJECT ADDED ENTRY--TOPICAL TERM
Topical term or geographic name entry element HOUSING ACT 2004 PART IV
650 24 - SUBJECT ADDED ENTRY--TOPICAL TERM
Topical term or geographic name entry element EMPTY DWELLING MANAGEMENT ORDERS
651 #4 - SUBJECT ADDED ENTRY--GEOGRAPHIC NAME
Geographic name Wales
Chronological subdivision 1998-2007
690 ## - LOCAL SUBJECT ADDED ENTRY--TOPICAL TERM (OCLC, RLIN)
Topical term or geographic name as entry element PROPERTY-RESIDENTIAL PROPERTY-RESIDENTIAL PROPERTY MANAGEMENT
856 40 - ELECTRONIC LOCATION AND ACCESS
Uniform Resource Identifier <a href="https://www.opsi.gov.uk/legislation/wales/wsi2006/20062822e.htm">https://www.opsi.gov.uk/legislation/wales/wsi2006/20062822e.htm</a>
Public note View this Statutory Instrument free of charge at www.opsi.gov.uk...
942 ## - ADDED ENTRY ELEMENTS (KOHA)
Suppress in OPAC 0
Holdings
Withdrawn status Lost status Source of classification or shelving scheme Damaged status Not for loan Home library Current library Shelving location Date acquired Total Checkouts Full call number Barcode Date last seen Copy number Price effective from Koha item type
    Dewey Decimal Classification     Virtual Virtual Online 18/12/2006   ONLINE PUBLICATION 135919-1001 06/08/2019 1 06/08/2019 Book